Statistics for Countries that is 1 border across Austria

Click here to take the quiz!

General Stats

  • This quiz has been taken 35 times
  • The average score is 11 of 12

Answer Stats

Answer% Correct
Poland
100%
Belgium
97%
France
97%
Netherlands
97%
Romania
97%
Ukraine
97%
Denmark
94%
Croatia
91%
Luxembourg
91%
San marino
91%
Serbia
88%
Vatican city
88%

Score Distribution

Percentile by Number Answered

Percent of People with Each Score

Your Score History

You have not taken this quiz